[Event "45th Olympiad 2024"]
[Site "Budapest HUN"]
[Date "2024.09.18"]
[Round "7.38"]
[Board "2"]
[White "Nielsen, Hogni Egilstoft"]
[Black "Ahn, Hongjin"]
[Result "1-0"]
[WhiteElo "2379"]
[BlackElo "2251"]
[PlyCount "85"]
[EventDate "2024.09.11"]
[WhiteTeam "Faroe Islands"]
[BlackTeam "South Korea"]
[WhiteTeamCountry "FAI"]

1. e4 {Ftacnik,Lubomir} c5 2. Nf3 Nc6 3. Bb5 e6 4. O-O Nge7 5. Re1 Nd4 6. Nxd4 cxd4 7. Be2 ({RR} 7. d3 a6 8. Ba4 b5 9. Bb3 Bb7 ({RR} 9... Ng6 10. a4 Bb7 11. Nd2 Bc5 12. axb5 axb5 13. Rxa8 Qxa8 14. Qh5 Qc8 15. Nf3 h6 16. h4 O-O 17. Bd2 Rd8 18. Nh2 Bd6 19. Qxb5 Nxh4) ({RR} 9... Nc6 10. Nd2 ({RR} 10. Qg4 Qf6 11. Nd2 h5 12. Qe2 g5 13. e5 Qg6 14. Qe4 g4 15. Qxg6 fxg6 16. f4 Bb4 17. Re2 Bxd2 18. Bxd2 Ne7 19. Bb4 Nf5 20. Bc5 Bb7 21. c3 dxc3 22. bxc3 h4) ({RR} 10. f4 Be7 11. Nd2 O-O 12. Nf3 Bb7 13. Kh1 Rc8 14. Bd2 Qb6 15. Qe2 Bc5 16. a4 b4 17. f5 Be7 18. Bg5 Qd8 19. Bf4 Bc5 20. Bg5 Be7 21. Bf4 Bc5 22. Bg5) 10... g6 ({RR} 10... Be7 11. Qh5 O-O 12. Nf3 Qb6 13. Bd2 Bb7 14. Qg4) 11. a4 ({RR} 11. Nf3 Bg7 12. Bg5 Qb6 13. e5 h6 14. Bf4 Bb7 15. c3 g5 16. Bg3 dxc3 17. bxc3 Ne7 18. d4 Rc8 19. Rc1 Nf5 20. Qd3 O-O 21. h4 Nxg3 22. fxg3 Bxf3 23. gxf3 d6) 11... Bb7 12. e5 Be7 ({RR} 12... Qc7 13. f4 Na5) 13. f4 d6 14. exd6 Qxd6 15. Ne4 Qc7 16. Bd2 O-O 17. Ng5 Bf6 18. Qg4 Ne7 19. axb5 axb5 20. Rxa8 Bxa8 21. Bb4) 10. Nd2 Nc6 11. f4 Na5 ({RR} 11... Qc7 12. Nf3 Bd6 13. g3) 12. Bd5 Be7 ({RR} 12... exd5 13. exd5+ Be7 14. d6 Nc6 15. dxe7 Nxe7 16. Qe2) ({RR} 12... Bc6 13. a3 Be7 14. Ba2 Bb7) 13. Bxb7 Nxb7 14. Nf3 Qb6 15. Qe2 Na5 ({RR} 15... O-O 16. Qf2 Bc5 17. a3 a5 18. f5 f6 19. Bd2 Qc7) 16. Qf2 Bc5 17. a3 b4 ({RR} 17... Nc6 18. b4 Be7 19. Bb2) 18. axb4 Bxb4 19. Rf1 ({RR} 19. c3 Nb3 20. Ra4 Bc5 21. cxd4 Bb4 22. Bd2 Nxd2 23. Nxd2) 19... Bc5 ({RR} 19... O-O 20. Nxd4 Bc5 21. Be3 Nc6 22. Ra4) 20. f5 f6 ({RR} 20... Nc6 21. Qg3 Bf8 22. fxe6 dxe6 23. Bd2 ({RR} 23. Ng5 Ra7 24. Ra4 Bb4 25. Qh3 Qb5) 23... a5 24. Ra4 Qb8 25. Bf4 Qxb2 26. Bd6) 21. fxe6 ({RR} 21. Qg3 Rg8 ({RR} 21... O-O 22. Bh6 Rf7 23. e5 Bf8 24. fxe6 dxe6 25. Ng5) ({RR} 21... Bf8 22. e5 O-O-O 23. Nd2) 22. fxe6 dxe6 23. Qh3 Kd7 24. Qxh7) ({RR} 21. e5 O-O 22. Qg3 Kh8 23. Nh4) 21... dxe6 {1-0 Caruana,F (2786)-Gelfand,B (2751) Tashkent FIDE GP 2nd 2012 (4)}) ({RR} 7. d3 a6 8. Ba4 b5 9. Bb3 Nc6 10. Nd2 Bb7 11. f4 Qc7 12. Nf3 Bd6 13. e5 Bc5 14. Ng5 h6 15. Qh5 g6 16. Qh3 Be7 17. Ne4 O-O-O 18. c4 b4 19. c5 Kb8 20. Nd6 Bxd6 21. cxd6 Qb6 {1-0 Isgandarova,K (2211)-Badelka,O (2362) EU-ch (Women) 18th 2017 (7)}) 7... g5 $146 ({RR} 7... g6 8. d3 Bg7 9. Bg5 f6 10. Bd2 O-O 11. Qc1 b6 12. c3 Nc6 13. Bh6 Bb7 14. Bxg7 Kxg7 15. Nd2 Rc8 16. Nb3 Qe7 17. Qd2 dxc3 18. bxc3 f5 19. exf5 Rxf5 20. Bg4 Rf7 21. Qe3 Rcf8 22. Re2 {0-1 Velikhanli,F (2283)-Cramling,P (2533) Baku (Women) 2nd 2007 (3)}) 8. d3 Ng6 9. Nd2 Bg7 10. a4 b6 11. Nc4 Ba6 12. Nd6+ Kf8 13. b3 Be5 14. Ba3 Kg7 15. g3 Qf6 16. Bh5 Bxd6 17. Bxd6 e5 18. Bb4 Rac8 19. Rc1 Rc6 20. c4 dxc3 21. Rxc3 Rhc8 22. Qd2 Nf8 23. d4 exd4 24. Rf3 Qh6 25. Rxf7+ Kg8 26. Rf5 Ne6 27. Bf7+ Kh8 28. Bxe6 dxe6 29. Qxd4+ Kg8 30. Rf6 Qg7 31. Qe5 h6 32. Kg2 g4 33. Bd2 Rf8 34. Rxf8+ Qxf8 35. Bf4 Qg7 36. Qh5 Rc2 37. Qe8+ Kh7 38. Qxe6 Bc8 39. Qd5 Qd7 40. Qe5 Bb7 41. Rd1 Qf7 42. Rd8 Rc8 43. Qh8+ 1-0

[Event "45th Olympiad 2024"]
[Site "Budapest HUN"]
[Date "2024.09.18"]
[Round "7.38"]
[Board "3"]
[White "Yun, Hungi"]
[Black "Rodgaard, John"]
[Result "1/2-1/2"]
[WhiteElo "2124"]
[BlackElo "2273"]
[PlyCount "112"]
[EventDate "2024.09.11"]
[WhiteTeam "South Korea"]
[BlackTeam "Faroe Islands"]
[BlackTeamCountry "FAI"]

1. e4 e6 2. d4 d5 3. e5 c5 4. c3 Nc6 5. Nf3 Bd7 6. Be2 Nge7 7. O-O Ng6 8. Be3 Qb6 ({RR} 8... Be7 9. Nbd2 O-O 10. Re1 a5 11. a3 a4 12. Bd3 cxd4 13. cxd4 h6 14. Qe2 b5 15. g3 Qb6 16. h4 Rfc8 17. Nf1 b4 18. N1h2 Rab8 19. h5 Nf8 20. Ng4 bxa3 21. bxa3 Qb2 22. Nd2 Kh8 23. Qf3 {0-1 Grandelius,N (2672)-Caruana,F (2792) Tata Steel-A 84th 2022 (9)}) 9. Qd2 ({RR} 9. Nbd2 Be7 10. Rb1 O-O 11. a3 Rfc8 12. b4 cxd4 13. cxd4 Nd8 14. g3 Rc3 15. h4 h6 16. h5 Nf8 17. Nb3 Ba4 18. Bd2 Rxb3 19. Rxb3 Nc6 20. Be3 Rc8 21. Qb1 Bxb3 22. Qxb3 Na5 23. Qa2 Nc4 {½-½ Papp,G (2550)-Erdos,V (2538) Kallai Gabor Mem 2024 (8.3)}) 9... cxd4 $146 ({RR} 9... Rc8 10. h4 cxd4 11. cxd4 Bb4 12. Nc3 Na5 13. h5 Ne7 14. h6 gxh6 15. Bxh6 Nf5 16. Bg5 Rg8 17. Rab1 Nc6 18. a3 Be7 19. Bxe7 Kxe7 20. Nb5 Rg6 21. Bd3 Rcg8 22. g3 R6g7 23. a4 a6 24. Bxf5 {1-0 Schelle,A (2209)-Urankar,H (2116) Munich-ch MK 2003 (8)}) ({RR} 9... Be7 10. Re1 O-O 11. dxc5 Qc7 12. b4 Ncxe5 13. Nxe5 Nxe5 14. f4 Ng6 15. Na3 b6 16. cxb6 axb6 17. Nb5 Bxb5 18. Bxb5 Bf6 19. Rac1 Ra3 20. f5 exf5 21. Qxd5 Be5 22. h3 Rxc3 23. Rxc3 Qxc3 24. Qd2 {0-1 Pogorelskikh,S (2283)-Alavkin,A (2442) Samara Region-ch 2007 (8)}) ({RR} 9... Rc8 10. Na3 cxd4 11. cxd4 Bxa3 12. bxa3 O-O 13. Rab1 Qc7 14. Rfc1 b6 15. Ba6 Rb8 16. Qc2 Qd8 17. Bg5 f6 18. exf6 gxf6 19. Bh6 Rf7 20. Bd3 f5 21. Ng5 Re7 22. g4 Rc8 23. gxf5 Nxd4 24. Qb2 {½-½ Fernandez Velasco,C-Hermida Rivero,E Asturias-ch Primera A 2002 (5.16)}) 10. cxd4 f6 11. exf6 gxf6 12. Nc3 Kf7 13. Rfc1 Na5 14. b3 Ba3 15. Rc2 Rac8 16. Ne1 Nc6 17. Na4 Qb4 18. Rc3 Qe7 19. Nc2 Bd6 20. g3 Nb8 21. Nc5 b6 22. Nxd7 Qxd7 23. a4 Rxc3 24. Qxc3 Rc8 25. Qb2 Nc6 26. Ba6 Rc7 27. Rc1 Nb4 28. Nxb4 Bxb4 29. Rxc7 Qxc7 30. Qe2 Qc3 31. Kg2 Qc7 32. h4 Nf8 33. Qh5+ Kg8 34. Bh6 Qc2 35. Qg4+ Qg6 36. Qf4 Bd6 37. Qxd6 Qxh6 38. Bc8 f5 39. Qe7 f4 40. gxf4 Qg6+ 41. Qg5 Kf7 42. f5 exf5 43. Bxf5 Qd6 44. Bg4 Ng6 45. h5 Ne7 46. Bf3 h6 47. Qg4 Qf6 48. Qd7 Qg7+ 49. Bg4 Qxd4 50. Qe6+ Ke8 51. Bf5 Qf4 52. Bg6+ Kd8 53. Bf7 d4 54. Qc4 Qg4+ 55. Kf1 Qd1+ 56. Kg2 Qg4+ 1/2-1/2

[Event "45th Olympiad 2024"]
[Site "Budapest HUN"]
[Date "2024.09.18"]
[Round "7.38"]
[Board "4"]
[White "Apol, Luitjen Akselsson"]
[Black "Lee, Kyungseok"]
[Result "1-0"]
[WhiteElo "2219"]
[BlackElo "2044"]
[PlyCount "53"]
[EventDate "2024.09.11"]
[WhiteTeam "Faroe Islands"]
[BlackTeam "South Korea"]
[WhiteTeamCountry "FAI"]

1. d4 d5 2. c4 e6 3. Nf3 Nf6 4. Nc3 Nbd7 5. Bf4 c6 6. e3 Be7 7. h3 O-O 8. Qc2 Qa5 9. a3 ({RR} 9. Nd2 Bb4 10. Bd3 Re8 11. O-O e5 12. Bg3 e4 13. Be2 a6 14. a3 Bf8 15. b4 Qd8 16. c5 g6 17. a4 h5 18. b5 a5 19. f3 exf3 20. Rxf3 Bh6 21. e4 Bxd2 22. Qxd2 Nxe4 23. Nxe4 dxe4 {0-1 Karlsson,L (2550)-Hoi,C (2380) Bronshoj Jubilee 1985 (3)}) ({RR} 9. Nd2 c5 10. dxc5 Nxc5 11. a3 Nce4 12. Ndxe4 Nxe4 13. cxd5 Bf6 14. Rc1 Nxc3 15. bxc3 Qxd5 16. e4 Qa5 17. Qb3 Bd7 18. Qb4 Qxb4 19. axb4 Rfc8 20. e5 Be7 21. Bd3 a5 22. bxa5 Rxa5 23. Kd2 Bc6 {0-1 Bartos,J (2114)-Bezdek,T (1980) TCh-CZE 1 Liga Zapad 2022 (10.2)}) 9... dxc4 $146 ({RR} 9... Ne4 10. Bd3 Bb4 11. O-O Bxc3 12. bxc3 f5 13. cxd5 exd5 14. c4 Ndf6 15. Rfb1 h6 16. Ne5 g5 17. Bh2 Qd2 18. Rb2 Qxc2 19. Rxc2 Kg7 20. Rb1 dxc4 21. Nxc4 Nd5 22. Be5+ Kg8 23. f3 Nec3 24. Rb3 {1-0 Ivkov,B-Erozbek,A EU-chT 05th Group6 1971 (3.2)}) ({RR} 9... Ne4 10. Bd3 f5 11. O-O Ndf6 12. Ne5 Qd8 13. b4 Qe8 14. Na4 Nd7 15. Nxd7 Bxd7 16. f3 Ng5 17. Nc5 Bc8 18. Rae1 Nf7 19. e4 b6 20. Nxe6 Bxe6 21. exd5 cxd5 22. Rxe6 dxc4 23. Bxf5 Qd8 24. Bxh7+ {1-0 Schlecht,D (2370)-Althoff,F (2140) NRW Class1 0304 2003 (7.3)}) 10. Bxc4 b5 11. Ba2 b4 12. axb4 Qxb4 13. O-O Bb7 14. e4 c5 15. e5 Nh5 16. Bd2 Bxf3 17. Nd5 Qb7 18. Nxe7+ Kh8 19. gxf3 Rfe8 20. Bb1 f5 21. Nxf5 exf5 22. Qxf5 g6 23. Be4 Qxb2 24. Qxd7 Rad8 25. Qg4 Qxd2 26. Rxa7 Qxd4 27. Rxh7+ 1-0

[Event "45th Olympiad 2024"]
[Site "Budapest HUN"]
[Date "2024.09.18"]
[Round "7.39"]
[Board "1"]
[White "Rakotomaharo, Fy Antenaina"]
[Black "Ashiku, Franc"]
[Result "0-1"]
[WhiteElo "2440"]
[BlackElo "2400"]
[PlyCount "64"]
[EventDate "2024.09.11"]
[WhiteTeam "Madagascar"]
[BlackTeam "Albania"]
[WhiteTeamCountry "MAD"]
[BlackTeamCountry "ALB"]

1. e4 c5 2. Nf3 e6 3. d4 cxd4 4. Nxd4 Nc6 5. Nc3 Nf6 6. Nxc6 bxc6 7. e5 Nd5 8. Ne4 Bb7 9. Nd6+ Bxd6 10. exd6 c5 11. c4 Nb4 12. a3 Nc6 13. Be3 Qf6 14. Qd2 Rb8 ({RR} 14... Nd4 15. Bxd4 cxd4 16. O-O-O a5 17. Qxd4 Qxd4 18. Rxd4 a4 19. Be2 f6 20. c5 Kf7 21. Bb5 Rhc8 22. Bxd7 Rxc5+ 23. Kb1 e5 24. Rb4 Bxg2 25. Rg1 Bc6 26. Bxc6 Rxc6 27. Rb7+ Ke6 28. d7 g5 29. Rd1 {0-1 Nepomniachtchi,I (2771)-Carlsen,M (2839) chess.com SpeedChess 2023 (2.4)}) 15. Bxc5 Ba6 16. O-O-O $146 ({RR} 16. Bb4 Qe5+ 17. Qe2 Bxc4 18. Qxe5 Nxe5 19. Bc3 Bxf1 20. Rxf1 Nc4 21. O-O-O f6 22. Rd4 Rc8 23. f4 Kf7 24. Rfd1 Nxa3 25. Rb4 Nc4 26. Rb7 Rhd8 27. Rxa7 Rc6 28. Rc7 Nxd6 29. Rxc6 dxc6 30. Ba5 Rd7 {1-0 Durarbayli,V (2631)-Kurmangaliyeva,L (2225) Titled Tue 4th Jul Early 2023 (5)}) ({RR} 16. Bb4 Nd4 17. Qc3 O-O 18. O-O-O e5 19. Kb1 Rfc8 20. Bd3 Qxf2 21. Rdf1 Qh4 22. Re1 Qf6 23. Re3 Qe6 24. Rc1 f6 25. g4 Qxg4 26. Rg3 Qh4 27. Rcg1 Ne6 28. Rg4 Qh5 29. Qe1 Qf7 30. Qf1 Kh8 {1-0 Movahed,S (2464)-Nitish,B (2451) 7th Sharjah Challengers 2024 (9.3)}) ({RR} 16. Rb1 Qf5 17. Qd3 Qxc5 18. b4 Qe5+ 19. Kd2 Qf4+ 20. Kc3 Bb7 21. f3 O-O 22. b5 Qf6+ 23. Kd2 Ne5 24. Qe3 Rfc8 25. Rc1 a6 26. Be2 axb5 27. cxb5 Bd5 28. Rxc8+ Rxc8 29. Rc1 Rxc1 30. Kxc1 g6 {0-1 Durarbayli,V (2631)-Deng,H (2212) Titled Tue 11th Jul Late 2023 (1)}) ({RR} 16. Bb4 Nd4 17. Qc3 O-O 18. O-O-O e5 19. Kb1 Rfc8 20. f3 Bb5 21. Bd3 Ba4 22. Rc1 Nb3 23. Bc2 Nxc1 24. Bxa4 Ne2 25. Qd3 Nf4 26. Qe4 Qe6 27. Rc1 a5 28. Bxa5 f5 29. Qe3 Rxc4 30. Rxc4 Qxc4 {½-½ Robson,R (2689)-Gadimbayli,A (2483) FIDE World Cup 2023 (3.1)}) 16... Na5 17. Bd4 Nb3+ 18. Kc2 Qf5+ 19. Bd3 Nxd4+ 20. Kb1 Qf6 21. Rhe1 Nb3 22. Qc2 Nc5 23. b4 Nxd3 24. Rxd3 O-O 25. Re4 Bb7 26. Rg4 a5 27. Rdg3 g6 28. b5 Rfc8 29. Qd2 Bd5 30. cxd5 Rxb5+ 31. Ka2 Rcb8 32. Rc3 Qf5 0-1

[Event "45th Olympiad 2024"]
[Site "Budapest HUN"]
[Date "2024.09.18"]
[Round "7.39"]
[Board "2"]
[White "Pasko, Llambi"]
[Black "Razanadrakotoarisoa, Toavina"]
[Result "1-0"]
[WhiteElo "2396"]
[BlackElo "2147"]
[PlyCount "99"]
[EventDate "2024.09.11"]
[WhiteTeam "Albania"]
[BlackTeam "Madagascar"]
[WhiteTeamCountry "ALB"]
[BlackTeamCountry "MAD"]

1. d4 Nf6 2. c4 g6 3. Nc3 Bg7 4. e4 d6 5. Nf3 O-O 6. Be2 e5 7. d5 a5 8. O-O Na6 9. Qc2 Nd7 10. Ne1 f5 11. exf5 gxf5 12. f4 e4 13. Be3 Nf6 14. Qd2 $146 ({RR} 14. h3 Kh8 15. Qd2 Qe7 16. Nc2 Nd7 17. Rab1 h6 18. Nb5 Ndc5 19. Qxa5 Nd3 20. Ncd4 Bd7 21. Qd2 c6 22. Nc3 Nac5 23. Qc2 Nb4 24. Qd2 Nxa2 25. Nd1 Na6 26. dxc6 bxc6 27. Nc2 c5 28. Nf2 N2b4 {½-½ Schenk,A (2346)-Fuchs,J (2052) Oberliga Ost-A 0607 2006 (8.5)}) 14... Bd7 15. Nc2 Qe8 16. Nd4 h5 17. h3 Kh7 18. Qe1 Qg6 19. Kh2 Rg8 20. Rg1 Bh6 21. Rd1 Rae8 22. Ncb5 Re7 23. g3 Reg7 24. Qf2 Bc8 25. b3 Nc5 26. a3 Nd3 27. Qf1 h4 28. gxh4 Bxf4+ 29. Bxf4 Qxg1+ 30. Qxg1 Rxg1 31. Rxg1 Rxg1 32. Bxd3 Ra1 33. Be2 c5 34. dxc6 bxc6 35. Nc3 Rxa3 36. Bxd6 Ra1 37. Bf4 e3 38. Bxe3 Ne4 39. Nxe4 fxe4 40. Nxc6 Ra2 41. Nd4 a4 42. bxa4 Ba6 43. Kg3 Rxa4 44. Nb5 Ra2 45. Bf1 Kg6 46. Nd6 Ra3 47. Kf4 Kh5 48. Nf5 Ra2 49. Ng3+ Kxh4 50. Bd4 1-0

[Event "45th Olympiad 2024"]
[Site "Budapest HUN"]
[Date "2024.09.18"]
[Round "7.39"]
[Board "3"]
[White "Andrianiaina, Heritiana"]
[Black "Veleshnja, Zino"]
[Result "1/2-1/2"]
[WhiteElo "2149"]
[BlackElo "2294"]
[PlyCount "122"]
[EventDate "2024.09.11"]
[WhiteTeam "Madagascar"]
[BlackTeam "Albania"]
[WhiteTeamCountry "MAD"]
[BlackTeamCountry "ALB"]

1. d4 Nf6 2. c4 e6 3. Nf3 Bb4+ 4. Bd2 a5 5. a3 Bxd2+ 6. Qxd2 O-O 7. Nc3 d5 8. e3 Nc6 ({RR} 8... Qe7 9. Rc1 b6 10. cxd5 exd5 11. Be2 Bb7 12. O-O Rd8 13. Ne5 Nbd7 14. Nd3 Ne4 15. Nxe4 dxe4 16. Nf4 c5 17. Rfd1 Rac8 18. Qe1 cxd4 19. Rxd4 Ne5 20. Rxc8 Rxc8 21. h3 h6 22. Qd1 Qg5 23. Rd6 {0-1 Warmerdam,M (2625)-Vidit,S (2742) Chessable Masters Play-In 2024 (3)}) ({RR} 8... b6 9. cxd5 exd5 10. Bd3 Bb7 11. O-O c5 12. Ne5 Nc6 13. Rad1 Qe7 14. f4 Na7 15. Qf2 c4 16. Bb1 Rfe8 17. a4 Nc8 18. g4 Nd6 19. g5 Nfe4 20. Nxe4 dxe4 21. Rc1 Bd5 22. Ba2 Rac8 23. Qe2 {0-1 Maki Uuro,M (2281)-Miezis,N (2411) 32nd Heart of Finland Op 2024 (8.4)}) 9. Bd3 a4 $146 ({RR} 9... Qe7 10. O-O Rd8 11. Qc2 h6 12. Rac1 e5 13. cxd5 Nxd5 14. Nxd5 Rxd5 15. Be4 Rd6 16. d5 Na7 17. Qxc7 Qxc7 18. Rxc7 f6 19. Nh4 Rb8 20. Rfc1 Bd7 21. Bf5 Rd8 22. Rxb7 Rxd5 23. Rxa7 Bxf5 24. h3 {1-0 Malisauskiene,M (2080)-Staleliunaite,D LTU-ch (Women) 1995 (1)}) 10. Qc2 Bd7 11. cxd5 exd5 12. O-O h6 13. h3 Re8 14. Bb5 Ne4 15. Bxa4 Bf5 16. Bxc6 bxc6 17. Nxe4 Bxe4 18. Qe2 Rb8 19. Rac1 Re6 20. Ne5 Qe8 21. b4 f6 22. Nd3 Bf5 23. Nf4 Rd6 24. Rc3 g5 25. Qh5 Qe7 26. Rfc1 Kg7 27. Nd3 Rg8 28. Nc5 Bc8 29. Qf3 g4 30. hxg4 Kh7 31. e4 Bxg4 32. Qf4 f5 33. exf5 Rf6 34. Re3 Qf7 35. Qe5 Rxf5 36. Qe7 Rxf2 37. Qxf7+ Rxf7 38. Rf1 Rfg7 39. Rfe1 Ra8 40. Kh2 Bf5 41. Rf1 Be4 42. Nxe4 dxe4 43. Rf4 Re7 44. Rfxe4 Rxe4 45. Rxe4 Rxa3 46. Re7+ Kg8 47. Rxc7 Rb3 48. Rxc6 Rxb4 49. Rd6 Kf7 50. Kh3 Ke7 51. Rd5 Ke6 52. Re5+ Kd6 53. g4 Rxd4 54. Re8 Kd7 55. Re1 Rd5 56. Kh4 Ra5 57. Re4 Rb5 58. Re3 Ra5 59. Re4 Rb5 60. Kg3 h5 61. gxh5 Rxh5 1/2-1/2

[Event "45th Olympiad 2024"]
[Site "Budapest HUN"]
[Date "2024.09.18"]
[Round "7.39"]
[Board "4"]
[White "Xhembulla, Aleksander"]
[Black "Rakotomaharavo, Dylan"]
[Result "1/2-1/2"]
[WhiteElo "2169"]
[BlackElo "2078"]
[PlyCount "144"]
[EventDate "2024.09.11"]
[WhiteTeam "Albania"]
[BlackTeam "Madagascar"]
[WhiteTeamCountry "ALB"]
[BlackTeamCountry "MAD"]

1. e4 {ChessBase} c5 2. Nf3 Nc6 3. d4 cxd4 4. Nxd4 Nf6 5. Nc3 e6 6. Be2 Bb4 7. O-O O-O 8. Nxc6 bxc6 9. e5 Nd5 10. Ne4 f5 11. a3 $146 ({RR} 11. Nd6 Bxd6 12. exd6 Rb8 13. c4 Nf6 14. b3 c5 15. Bb2 Bb7 16. f3 Qe8 17. Qd2 Qc8 18. Rad1 h6 19. Bd3 Qc6 20. Bb1 Rbe8 21. Rfe1 Rf7 22. Re5 Kh7 23. Qf2 Rc8 24. Ba3 Qb6 25. Bxc5 Qd8 {1-0 Locock,C-MacKenzie,G British CA Congress-06 Masters 1890 (18)}) ({RR} 11. Nd6 Bxd6 12. exd6 Qb6 13. c4 Nf6 14. b3 c5 15. Bf4 Bb7 16. f3 a5 17. a4 Qc6 18. Re1 Ng4 19. Bf1 Nh6 20. Bxh6 gxh6 21. Qd2 Rf6 22. Qf4 Rg6 23. Re3 Qb6 24. Rd1 Rc8 25. Rdd3 Qd8 {½-½ Kobalia,M (2648)-Petrov,M (2535) Arctic Chess Challenge 2010 (4)}) ({RR} 11. Bg5 Qb6 12. Nd6 Bxd6 13. exd6 Qxb2 14. Bd3 Qe5 15. c4 Nf6 16. Bc2 Ba6 17. Re1 Qc5 18. Rc1 Qxc4 19. Re5 Qb4 20. a3 Qxa3 21. Ra1 Qb2 22. Rea5 Bb5 23. Rxa7 Rxa7 24. Rxa7 Rd8 25. h3 Qe5 {½-½ Popovic,D (2159)-Yilmaz,B (2280) Serbia Open 2024 (7.39)}) ({RR} 11. exf6 Nxf6 12. Bg5 Be7 13. Nd6 Nd5 14. Bxe7 Qxe7 15. Nxc8 Raxc8 16. g3 Rb8 17. c4 Nf6 18. Qd4 c5 19. Qd2 d5 20. Bf3 d4 21. Rae1 Qd6 22. b3 e5 23. Re2 Rbe8 24. Rfe1 Re7 25. Be4 Nxe4 {½-½ Bierenbroodspot,P (2262)-Brodhuhn,R (2211) Oberliga Nord W 0405 2004 (8.2)}) ({RR} 11. Bg5 Qb6 12. Nd2 Bxd2 13. Qxd2 Qxb2 14. c4 Qxd2 15. Bxd2 Ba6 16. Rfe1 Nb6 17. Rec1 c5 18. a4 Rac8 19. a5 Nd5 20. cxd5 Bxe2 21. dxe6 dxe6 22. Be3 Rc7 23. Rxc5 Rfc8 24. Rac1 Rxc5 25. Rxc5 Rxc5 {½-½ Krueger,P-Wagner,H Niederelb. SB-22 Wagner-Krueger +1-0=3 1923 (2)}) 11... Be7 12. Nd6 Bxd6 13. exd6 a5 14. c4 Nf6 15. Qd4 a4 16. Re1 Ne4 17. f3 Qa5 18. Be3 e5 19. Qd1 Nc5 20. Qc2 Nb3 21. Rad1 Ba6 22. Bd3 g6 23. Qf2 Rab8 24. Bh6 Rf6 25. Bf1 Re6 26. Kh1 Qd8 27. h4 Qb6 28. Qg3 Rbe8 29. Bg5 f4 30. Qg4 h5 31. Qh3 Nc5 32. g4 hxg4 33. Qxg4 Qxb2 34. Be7 Kf7 35. Bh3 Qc3 36. h5 Rh8 37. hxg6+ Kg7 38. Rg1 e4 39. Rdf1 Qe5 40. fxe4 Qxe4+ 41. Kh2 Qe2+ 42. Rg2 Qxg4 43. Rxg4 Re2+ 44. Kg1 Rxh3 45. Rfxf4 Bxc4 46. Rxc4 Rxa3 47. Rc1 Re4 48. Rg2 Ne6 49. Rf1 Nf4 50. Bf6+ Kg8 51. Rb1 Rb3 52. Rxb3 axb3 53. Rb2 Re3 54. g7 Rg3+ 55. Kh2 Rh3+ 56. Kg1 c5 57. Rf2 Ne6 58. Rf5 Rh6 59. Bb2 Rg6+ 60. Kf2 c4 61. Re5 Rg5 62. Re4 Rc5 63. Bc3 Rc8 64. Ke3 Rb8 65. Rh4 Nxg7 66. Rg4 b2 67. Rxg7+ Kf8 68. Bxb2 Rxb2 69. Rxd7 Ke8 70. Rc7 Rb3+ 71. Kd4 Rd3+ 72. Kxc4 Rxd6 1/2-1/2

[Event "45th Olympiad 2024"]
[Site "Budapest HUN"]
[Date "2024.09.18"]
[Round "7.40"]
[Board "1"]
[White "Greet, Andrew N"]
[Black "Bai, Adelard"]
[Result "0-1"]
[WhiteElo "2405"]
[BlackElo "2378"]
[PlyCount "64"]
[EventDate "2024.09.11"]
[WhiteTeam "Scotland"]
[BlackTeam "Chinese Taipei"]
[WhiteTeamCountry "SCO"]

1. c4 e5 2. Nc3 d6 3. Nf3 f5 4. g3 Be7 5. Bg2 Nf6 6. O-O O-O 7. b4 Qe8 8. d3 h6 ({RR} 8... a6 9. e3 h6 10. Nd2 c6 11. f4 Be6 12. Bb2 Nbd7 13. Qe2 Bd8 14. Rae1 Bc7 15. Nf3 Qh5 16. Qc2 Rae8 17. Nd1 e4 18. Nd4 Bf7 19. dxe4 fxe4 20. Nf2 Nb6 21. c5 dxc5 22. bxc5 Nc4 23. Ba1 {½-½ Keymer,V (2700)-Erigaisi,A (2701) 28th Sigeman & Co 2023 (7.1)}) ({RR} 8... f4 9. gxf4 Qh5 10. e4 Bg4 11. f5 Nc6 12. h3 Bxh3 13. Ng5 Bxg2 14. Kxg2 Nxb4 15. Rb1 a5 16. a3 Qxd1 17. Rxd1 Na6 18. Rxb7 Rfb8 19. Rxb8+ Rxb8 20. Ne6 c6 21. Bd2 Rb3 22. Rb1 a4 23. Ra1 {1-0 Mitrabha,G (2504)-Shyam,S (2497) 1st Bangalore Int Open 2024 (10.3)}) 9. a4 $146 ({RR} 9. Nd5 Nxd5 10. cxd5 Nd7 11. Bb2 Nf6 12. Nd2 g5 13. Rc1 Bd8 14. e3 Bd7 15. Re1 Qf7 16. Qb3 Kh7 17. a4 Qh5 18. b5 Ng4 19. h3 {½-½ Billenkamp,T (1962)-Lutz,G (2098) Landesliga Sued 0708 2007 (4.8)}) ({RR} 9. Qb3 Kh8 10. a4 a5 11. Nb5 Bd8 12. bxa5 Nc6 13. Ba3 Qh5 14. Qb2 f4 15. e3 Bg4 16. Nd2 f3 17. Bh1 Nh7 18. Rfb1 Ng5 19. Ne4 Nh3+ 20. Kf1 Nf4 21. exf4 Qxh2 22. Ke1 exf4 23. gxf4 Rxf4 {1-0 Trussevich,S (2328)-Sirnik,B (2211) Trieste op 15th 2013 (8)}) 9... a6 10. Rb1 Qh5 11. e3 f4 12. exf4 exf4 13. Bxf4 Bg4 14. Qe1 Bxf3 15. Qxe7 Bxg2 16. Kxg2 Nc6 17. Qxc7 Rf7 18. Qxd6 Rd8 19. Qc5 g5 20. Be3 Rxd3 21. Nd5 Nxd5 22. cxd5 Ne5 23. Qc8+ Kh7 24. Qe6 Qf3+ 25. Kg1 Qe4 26. Rfe1 Rxe3 27. Rxe3 Qxb1+ 28. Kg2 Qc2 29. Qxe5 Rxf2+ 30. Kh3 Rxh2+ 31. Kg4 h5+ 32. Kxg5 Qg6+ 0-1

[Event "45th Olympiad 2024"]
[Site "Budapest HUN"]
[Date "2024.09.18"]
[Round "7.40"]
[Board "2"]
[White "Song, Raymond"]
[Black "Waldhausen Gordon, Frederick"]
[Result "0-1"]
[WhiteElo "2503"]
[BlackElo "2351"]
[PlyCount "52"]
[EventDate "2024.09.11"]
[WhiteTeam "Chinese Taipei"]
[BlackTeam "Scotland"]
[BlackTeamCountry "SCO"]

1. c4 Nf6 2. Nf3 e6 3. g3 d5 4. Bg2 dxc4 5. Qa4+ Nbd7 6. Qxc4 a6 7. Qc2 c5 8. Nc3 Ra7 ({RR} 8... Qc7 9. O-O b6 10. d4 Bb7 11. dxc5 Bxc5 12. Bf4 Bd6 13. Bxd6 Qxd6 14. Rfd1 Qc7 15. Rac1 Rc8 16. Qb1 Qb8 17. Ng5 Bxg2 18. Kxg2 Qb7+ 19. f3 O-O 20. Nce4 Rxc1 21. Rxc1 Qb8 22. Rd1 h6 23. Rxd7 {½-½ Aronian,L (2797)-Wojtaszek,R (2744) Tata Steel-A 77th 2015 (4)}) 9. d4 b6 10. e4 $146 ({RR} 10. O-O Bb7 11. e4 cxd4 12. Nxd4 Qa8 13. Re1 Bb4 14. a3 Bxc3 15. Qxc3 O-O 16. f3 Rc8 17. Qe3 Qb8 18. Bd2 Ba8 19. Bf1 Ne5 {½-½ Skembris,S (2434)-Malakhatko,V (2610) Porto Mannu op 2009 (2)}) ({RR} 10. O-O Bb7 11. e4 Be7 12. Rd1 Qa8 13. d5 exd5 14. exd5 Nxd5 15. Nxd5 Bxd5 16. Rxd5 Qxd5 17. Bf4 Qh5 18. Re1 Nf6 19. Ne5 g5 20. Qf5 O-O 21. g4 Nxg4 22. Nxg4 Qg6 23. Be5 Re8 24. Bd5 Qxf5 {1-0 Heinemann,J (2303)-Kochavi,D (2084) 24th ch-EUR Indiv w 2024 (8.32)}) 10... cxd4 11. Nxd4 Ne5 12. Nf3 Nd3+ 13. Ke2 Nb4 14. Qd1 Rd7 15. Qa4 Qc7 16. Kf1 Nxe4 17. Nxe4 Qc4+ 18. Kg1 Qxe4 19. Be3 b5 20. Qa5 Nd5 21. Nd4 Qe5 22. Nc6 Qd6 23. Rc1 Bb7 24. Bd4 Bxc6 25. Qxa6 Nb4 26. Qc8+ Rd8 0-1